[Event "XXX Memorial Edoardo Crespi A"]
[Site "Milano ITA"]
[Date "2009.12.12"]
[Round "9"]
[White "Naumkin, Igor"]
[Black "Stromboli, Ettore"]
[Result "1-0"]
[WhiteElo "2463"]
[BlackElo "2260"]
[PlyCount "73"]
[EventDate "2009.12.05"]

1. d4 Nf6 2. c4 e6 3. Nf3 d5 4. Bg5 Be7 5. e3 O-O 6. Nc3 h6 7. Bh4 b6 8. Bd3
Bb7 9. O-O Nbd7 10. Qe2 Ne4 11. Bg3 Nxg3 12. hxg3 a6 13. cxd5 exd5 14. Rad1 Re8
15. Bb1 Nf6 16. Ne5 Bd6 17. f4 Ne4 18. Bxe4 dxe4 19. Qc4 Qe7 20. g4 Rad8 21. g5
hxg5 22. Ne2 Bxe5 23. fxe5 Bd5 24. Qc2 Qe6 25. b3 Qg4 26. Rf2 Rd7 27. Nc3 Re6
28. Rdf1 Rh6 29. Nxd5 Qh4 30. Rf5 Qh2+ 31. Kf2 Qh4+ 32. Ke2 Qg4+ 33. Kd2 Rh2
34. Qc6 Rxg2+ 35. R5f2 Rxd5 36. Qe8+ Kh7 37. Rh1+ 1-0

[Event "XXX Memorial Edoardo Crespi A"]
[Site "Milano ITA"]
[Date "2009.12.12"]
[Round "9"]
[White "Nicolo', Filippo"]
[Black "Loehnhardt, Benjamin"]
[Result "1-0"]
[WhiteElo "2062"]
[BlackElo "2076"]
[PlyCount "43"]
[EventDate "2009.12.05"]

1. e4 e6 2. d4 b6 3. Nf3 Bb7 4. Bd3 c5 5. c3 Nf6 6. Qe2 Be7 7. a3 Nc6 8. O-O
Na5 9. Nbd2 c4 10. Bc2 Qc7 11. Re1 O-O 12. Rb1 Rac8 13. Nf1 h6 14. e5 Nd5 15.
Bxh6 gxh6 16. Qe4 f5 17. exf6 Nxf6 18. Qg6+ Kh8 19. Qxh6+ Kg8 20. Qg6+ Kh8 21.
Re5 Bxf3 22. Qh6+ 1-0

[Event "XXX Memorial Edoardo Crespi A"]
[Site "Milano ITA"]
[Date "2009.12.12"]
[Round "9"]
[White "Pienabarca, Nicola"]
[Black "Astengo, Marcello"]
[Result "1-0"]
[WhiteElo "2071"]
[BlackElo "2147"]
[PlyCount "62"]
[EventDate "2009.12.05"]

1. d4 d5 2. Nf3 c5 3. g3 Nc6 4. c4 dxc4 5. d5 Na5 6. Nc3 a6 7. Bg2 b5 8. O-O
Bb7 9. e4 Nf6 10. Ng5 h6 11. Nxf7 Kxf7 12. e5 b4 13. Na4 Nxd5 14. Nxc5 Bc6 15.
Qg4 Qc8 16. e6+ Kg8 17. Qf5 Nf6 18. Bh3 Nb7 19. Nd7 Nd6 20. Qe5 Bb7 21. Qe2 Qc6
22. f3 Re8 23. Bf4 g5 24. Bxd6 Qxd6 25. Qc2 Qd3 26. Qa4 Qe3+ 27. Rf2 Nd5 28.
Rd1 c3 29. Qc2 Bg7 30. Qg6 c2 31. Qxe8+ Bf8 1-0

[Event "XXX Memorial Edoardo Crespi A"]
[Site "Milano ITA"]
[Date "2009.12.12"]
[Round "9"]
[White "Quaranta, Cristiano"]
[Black "Vinzoni, Andrea"]
[Result "0-1"]
[WhiteElo "2134"]
[BlackElo "2082"]
[PlyCount "84"]
[EventDate "2009.12.05"]

1. d4 d5 2. c4 e6 3. Nf3 Nf6 4. g3 Be7 5. Bg2 O-O 6. O-O Nbd7 7. Qc2 c6 8. Nbd2
b6 9. e4 Ba6 10. e5 Ne8 11. Re1 c5 12. cxd5 exd5 13. b3 Rc8 14. Qf5 Nc7 15. Nf1
Ne6 16. Bb2 cxd4 17. Nxd4 Ndc5 18. Rad1 Bxf1 19. Kxf1 Qd7 20. Bh3 a5 21. Ba3 g6
22. Qb1 Ne4 23. Bb2 Nc3 24. Bxc3 Rxc3 25. Ne2 Rc7 26. Kg1 Bb4 27. Rf1 Qb5 28.
Bxe6 fxe6 29. Nf4 Qd7 30. Nxg6 hxg6 31. Qxg6+ Qg7 32. Qxe6+ Qf7 33. Qxb6 Bc5
34. Qf6 Qh5 35. Qe6+ Kh8 36. Qxd5 Rh7 37. h4 Rg8 38. Qxc5 Qxh4 39. Kg2 Qe4+ 40.
f3 Rxg3+ 41. Kxg3 Qh4+ 42. Kg2 Qh2# 0-1

[Event "XXX Memorial Edoardo Crespi A"]
[Site "Milano ITA"]
[Date "2009.12.12"]
[Round "9"]
[White "Radice, Luca"]
[Black "Cazzaniga, Walter"]
[Result "1/2-1/2"]
[WhiteElo "2088"]
[BlackElo "2139"]
[PlyCount "48"]
[EventDate "2009.12.05"]

1. e4 e6 2. d4 d5 3. Bd3 dxe4 4. Bxe4 Nf6 5. Bd3 c5 6. c3 cxd4 7. cxd4 Nc6 8.
Nf3 Be7 9. O-O O-O 10. a3 b6 11. Be3 Bb7 12. Nbd2 Rc8 13. Nc4 Qd5 14. Qe2 Rfd8
15. Rfd1 Qh5 16. Rac1 Nd5 17. h3 f6 18. Kh2 b5 19. Ncd2 Bd6+ 20. g3 a6 21. Ne4
Nce7 22. Nxd6 Rxd6 23. g4 Qe8 24. Nd2 Rxc1 1/2-1/2

[Event "XXX Memorial Edoardo Crespi A"]
[Site "Milano ITA"]
[Date "2009.12.12"]
[Round "9"]
[White "Ranfagni, Stefano"]
[Black "Agrifoglio, Fabio"]
[Result "0-1"]
[WhiteElo "2014"]
[BlackElo "2017"]
[PlyCount "90"]
[EventDate "2009.12.05"]

1. e4 d6 2. d4 Nf6 3. Nc3 g6 4. f4 Bg7 5. Nf3 c5 6. d5 O-O 7. Be2 b5 8. e5 Nfd7
9. exd6 Bxc3+ 10. bxc3 exd6 11. O-O Nb6 12. Ng5 Qe7 13. Bf3 Re8 14. Bd2 Nc4 15.
Re1 Qd8 16. Rxe8+ Qxe8 17. Ne4 Qd8 18. Be1 Bf5 19. a4 Bxe4 20. Bxe4 f5 21. Bf3
bxa4 22. Rxa4 Nb2 23. Qa1 Nxa4 24. Qxa4 Nd7 25. Qc6 Nb6 26. Bf2 Rc8 27. Qb5 Qd7
28. Qd3 Qa4 29. Be3 Re8 30. g4 Qc4 31. Qd2 fxg4 32. Bxg4 Qxd5 33. Qf2 Qe4 34.
Bd2 Nc4 35. Bf3 Qe6 36. Qg2 Kg7 37. Bd5 Qe2 38. Bxc4 Qxc4 39. f5 Qe4 40. f6+
Kxf6 41. Qg5+ Kg7 42. Qh6+ Kh8 43. Qh3 Qe2 44. Qd7 Qd1+ 45. Kg2 Qxd2+ 0-1

[Event "XXX Memorial Edoardo Crespi A"]
[Site "Milano ITA"]
[Date "2009.12.12"]
[Round "9"]
[White "Robertsen, Thomas"]
[Black "Facchetti, Gianni"]
[Result "1-0"]
[WhiteElo "2273"]
[BlackElo "2162"]
[PlyCount "74"]
[EventDate "2009.12.05"]

1. e4 e5 2. Nf3 Nc6 3. Nc3 Nf6 4. d4 exd4 5. Nxd4 d6 6. Bb5 Bd7 7. O-O Be7 8.
Bxc6 bxc6 9. Qf3 O-O 10. h3 c5 11. Nf5 Bxf5 12. Qxf5 Qc8 13. Qf3 Qe6 14. Bg5
Nd7 15. Bxe7 Qxe7 16. Nd5 Qd8 17. Rae1 Nb6 18. Ne3 Qg5 19. Nf5 g6 20. Ne3 Rae8
21. Ng4 f6 22. Qc3 h5 23. f4 Qh4 24. Nh2 f5 25. e5 dxe5 26. Rxe5 Rxe5 27. Qxe5
Qf6 28. Nf3 Qd6 29. Re1 Rd8 30. Ng5 Nc4 31. Qe6+ Qxe6 32. Rxe6 Rd6 33. Re8+ Kg7
34. b3 Na3 35. Re7+ Kf8 36. Rxc7 Nxc2 37. Rxc5 Ra6 1-0

[Event "XXX Memorial Edoardo Crespi A"]
[Site "Milano ITA"]
[Date "2009.12.12"]
[Round "9"]
[White "Rota, Simone"]
[Black "Sbarra, Marco"]
[Result "0-1"]
[WhiteElo "1992"]
[BlackElo "2256"]
[PlyCount "112"]
[EventDate "2009.12.05"]

1. d4 Nf6 2. c4 e6 3. Nf3 d5 4. Nc3 Bb4 5. a3 Bxc3+ 6. bxc3 c5 7. e3 O-O 8. Bd3
Qc7 9. cxd5 exd5 10. O-O Bg4 11. h3 Bh5 12. Be2 Nbd7 13. a4 Ne4 14. Bb2 Rfd8
15. Rc1 Qa5 16. c4 dxc4 17. Bxc4 Ne5 18. Be2 Nxf3+ 19. gxf3 cxd4 20. fxe4 dxe3
21. Bxh5 Rxd1 22. Bxd1 e2 23. Bxe2 Qd2 24. Bf3 Qxb2 25. Bg2 Rd8 26. Rb1 Qa3 27.
Rxb7 Qxa4 28. Rbb1 g6 29. Ra1 Qd4 30. Ra6 Rb8 31. Ra5 Rb2 32. Rd5 Qb6 33. e5 a5
34. Rd7 Rb1 35. Rb7 Rxf1+ 36. Kxf1 Qd4 37. Rb8+ Kg7 38. Bf3 Qxe5 39. Ra8 a4 40.
Kg2 Qg5+ 41. Kh2 Qf4+ 42. Kg2 Qd4 43. Ra5 h5 44. Ba8 Kh6 45. Ra6 Qb4 46. Bc6 a3
47. Ra4 Qb2 48. Bd5 Qb5 49. Rxa3 Qxd5+ 50. Kg1 Qg5+ 51. Rg3 Qc1+ 52. Kg2 g5 53.
Rd3 Kg6 54. Rd6+ f6 55. Rd8 Qc6+ 56. Kg1 Qf3 0-1

[Event "XXX Memorial Edoardo Crespi A"]
[Site "Milano ITA"]
[Date "2009.12.12"]
[Round "9"]
[White "Salvador, Roland"]
[Black "Stojanovic, Andjelija"]
[Result "1-0"]
[WhiteElo "2491"]
[BlackElo "2329"]
[PlyCount "47"]
[EventDate "2009.12.05"]

1. c4 e5 2. Nc3 Nc6 3. Nf3 g6 4. h4 h6 5. d4 exd4 6. Nxd4 Bg7 7. Be3 Nf6 8. h5
Ng4 9. hxg6 fxg6 10. Qc2 Kf7 11. O-O-O Nxe3 12. fxe3 Qg5 13. Ndb5 Qxe3+ 14. Kb1
d6 15. Nd5 Qe5 16. Nbxc7 Bf5 17. e4 Bxe4 18. Bd3 Bxd3 19. Rxd3 Rac8 20. Rf1+
Kg8 21. Re3 Qd4 22. Ne6 Qg4 23. Nxg7 Kxg7 24. Re7+ 1-0

[Event "XXX Memorial Edoardo Crespi A"]
[Site "Milano ITA"]
[Date "2009.12.12"]
[Round "9"]
[White "Stromboli, Carlo"]
[Black "Dvirnyy, Danyyil"]
[Result "1/2-1/2"]
[WhiteElo "2272"]
[BlackElo "2461"]
[PlyCount "44"]
[EventDate "2009.12.05"]

1. e4 e6 2. d4 d5 3. Nc3 Bb4 4. e5 Ne7 5. Bd2 b6 6. Nce2 Bxd2+ 7. Qxd2 Ba6 8.
f4 c5 9. Nf3 Nbc6 10. Ng3 Bxf1 11. Rxf1 cxd4 12. Nxd4 Nxd4 13. Qxd4 Qc7 14. c3
h5 15. Ne2 Rc8 16. Qa4+ Qd7 17. Qxd7+ Kxd7 18. Nd4 Nf5 19. Nxf5 exf5 20. Rd1
Ke6 21. Rd4 h4 22. Ke2 b5 1/2-1/2

[Event "XXX Memorial Edoardo Crespi A"]
[Site "Milano ITA"]
[Date "2009.12.12"]
[Round "9"]
[White "Sullolari, Saip"]
[Black "Profumo, Alberto"]
[Result "1-0"]
[WhiteElo "2106"]
[BlackElo "2223"]
[PlyCount "129"]
[EventDate "2009.12.05"]

1. e4 c6 2. d4 d5 3. Nd2 dxe4 4. Nxe4 Bf5 5. Ng3 Bg6 6. Nf3 Nd7 7. h4 h6 8. h5
Bh7 9. Bd3 Bxd3 10. Qxd3 e6 11. Bd2 Ngf6 12. O-O-O Qc7 13. Qe2 O-O-O 14. Ne5
Nb6 15. Ba5 Rd5 16. Bxb6 axb6 17. c4 Ra5 18. Kb1 Bd6 19. f4 Rd8 20. Ne4 Nxe4
21. Qxe4 Qe7 22. g3 b5 23. cxb5 f5 24. Qf3 Bxe5 25. dxe5 Rxb5 26. Rxd8+ Qxd8
27. Rc1 Rd5 28. Qa3 Kb8 29. Qb4 Rd1 30. Qb3 Qd3+ 31. Qxd3 Rxd3 32. Rg1 Rf3 33.
Rg2 Kc7 34. Kc2 Rf1 35. Kd2 c5 36. Ke3 Re1+ 37. Kf3 Rd1 38. g4 fxg4+ 39. Rxg4
Rd2 40. Rxg7+ Kc6 41. Rg2 Rd3+ 42. Ke4 Rd4+ 43. Ke3 Kd5 44. Rg8 Re4+ 45. Kf3
Rb4 46. Rd8+ Kc6 47. Rd6+ Kc7 48. b3 b5 49. Rxe6 c4 50. bxc4 bxc4 51. Rf6 c3
52. Ke2 Rd4 53. Rg6 Rxf4 54. Kd3 Rf3+ 55. Kc2 Rf5 56. Rxh6 Rxe5 57. Kxc3 Re4
58. Rg6 Rh4 59. h6 Kd7 60. Rg7+ Kc6 61. h7 Kd6 62. Kd3 Kc6 63. Ke3 Kb5 64. Kf3
Rh1 65. Kf4 1-0

[Event "XXX Memorial Edoardo Crespi A"]
[Site "Milano ITA"]
[Date "2009.12.12"]
[Round "9"]
[White "Sumets, Andrey"]
[Black "Feuerstack, Aljoscha"]
[Result "1-0"]
[WhiteElo "2621"]
[BlackElo "2373"]
[PlyCount "79"]
[EventDate "2009.12.05"]

1. d4 d5 2. c4 c6 3. Nc3 Nf6 4. e3 g6 5. Nf3 Bg7 6. Be2 O-O 7. O-O Be6 8. h3
dxc4 9. Ng5 Bd5 10. e4 h6 11. exd5 hxg5 12. dxc6 Nxc6 13. d5 Ne5 14. Bxg5 Qd6
15. Qd2 Rfd8 16. Rad1 Qb6 17. Be3 Qa6 18. Qc2 e6 19. dxe6 Qxe6 20. Rxd8+ Rxd8
21. Rd1 Rxd1+ 22. Qxd1 a6 23. a4 Bf8 24. Qd8 Qe7 25. Qxe7 Bxe7 26. Bd4 Nfd7 27.
Bxe5 Nxe5 28. f4 Bc5+ 29. Kf1 Nd3 30. Bxd3 cxd3 31. Ke1 Be3 32. Nd5 Bc1 33. b3
g5 34. Kd1 Bxf4 35. Nxf4 gxf4 36. Kd2 Kg7 37. Kxd3 Kg6 38. Ke4 Kg5 39. a5 f6
40. b4 1-0

[Event "XXX Memorial Edoardo Crespi A"]
[Site "Milano ITA"]
[Date "2009.12.12"]
[Round "9"]
[White "Tonel, Giulia"]
[Black "Tomba, Ivan"]
[Result "1/2-1/2"]
[WhiteElo "1967"]
[BlackElo "2283"]
[PlyCount "91"]
[EventDate "2009.12.05"]

1. e4 c5 2. Nf3 e6 3. c3 d5 4. exd5 exd5 5. d4 a6 6. Be2 Nc6 7. Be3 c4 8. Bf4
Nf6 9. Nbd2 Bd6 10. Bxd6 Qxd6 11. h3 h6 12. Nf1 O-O 13. Ne3 Re8 14. O-O Ne4 15.
Qc1 b5 16. Bd1 Ra7 17. a3 Rae7 18. Re1 f5 19. Bc2 f4 20. Ng4 Bxg4 21. hxg4 Qg6
22. Qxf4 Rf7 23. Qg3 Ref8 24. Qh3 Nxf2 25. Bxg6 Nxh3+ 26. Kh2 Rf6 27. gxh3 Rxg6
28. Kg3 Rgf6 29. Re3 Na5 30. Rae1 Nb3 31. Ne5 Rd6 32. R3e2 a5 33. Nf3 Rdf6 34.
Ne5 Rf1 35. Nd7 Rxe1 36. Rxe1 Rd8 37. Ne5 Re8 38. h4 Nd2 39. h5 Ne4+ 40. Kg2
Rb8 41. Nc6 Rb7 42. Nxa5 Rb6 43. Rf1 Nd6 44. Re1 Ne4 45. Rf1 Nd6 46. Re1
1/2-1/2

[Event "XXX Memorial Edoardo Crespi A"]
[Site "Milano ITA"]
[Date "2009.12.12"]
[Round "9"]
[White "Zanetti, Alberto"]
[Black "Ricci, Marco"]
[Result "1-0"]
[WhiteElo "2180"]
[BlackElo "2081"]
[PlyCount "79"]
[EventDate "2009.12.05"]

1. e4 e6 2. Qe2 c5 3. Nf3 Nc6 4. g3 Be7 5. Bg2 d5 6. e5 f6 7. O-O fxe5 8. Nxe5
Nxe5 9. Qxe5 Nf6 10. d3 Bd6 11. Qe2 O-O 12. c4 d4 13. Bg5 e5 14. h3 h6 15. Bxf6
Qxf6 16. Nd2 Qe7 17. Rae1 Bf5 18. f4 Rae8 19. g4 Bc8 20. f5 b6 21. Bd5+ Kh7 22.
Be4 Kh8 23. Qg2 Qf6 24. Nf3 Re7 25. h4 Bb7 26. Nd2 Qf7 27. Rf3 Bxe4 28. Nxe4
Rd7 29. Ref1 Be7 30. Qg3 Bd8 31. Kg2 Qe7 32. g5 Qe8 33. Qg4 Rb7 34. Nd6 Qc6 35.
Nxb7 Qxb7 36. Kh3 Re8 37. gxh6 gxh6 38. Rg3 Qf7 39. Qg6 Qf6 40. Qxe8+ 1-0

[Event "VI Festival"]
[Site "Positano ITA"]
[Date "2009.12.05"]
[Round "1"]
[White "Carnicelli, Flavio"]
[Black "Collutiis, Duilio"]
[Result "0-1"]
[WhiteElo "1811"]
[BlackElo "2426"]
[PlyCount "58"]
[EventDate "2009.12.05"]

1. e4 c5 2. d4 cxd4 3. c3 dxc3 4. Nxc3 e6 5. Nf3 a6 6. Bc4 b5 7. Bb3 Bb7 8. O-O
b4 9. Nd5 exd5 10. exd5 Bd6 11. Re1+ Ne7 12. Ng5 O-O 13. Qh5 h6 14. Ne4 Bxh2+
15. Kxh2 Ng6 16. g3 d6 17. Bd2 a5 18. Kg2 Nd7 19. Nxd6 Nf6 20. Nxb7 Qb6 21. Qf5
Qxb7 22. Bxh6 a4 23. Bc4 Qc8 24. Qd3 gxh6 25. Qd4 Kg7 26. Rh1 Qg4 27. f4 Rfe8
28. Bd3 Ra5 29. Qxb4 Rxd5 0-1

[Event "VI Festival"]
[Site "Positano ITA"]
[Date "2009.12.05"]
[Round "1"]
[White "Catracchia, Mauro"]
[Black "Cervero, Gianluca"]
[Result "1/2-1/2"]
[WhiteElo "1995"]
[BlackElo "1524"]
[PlyCount "66"]
[EventDate "2009.12.05"]

1. e4 e6 2. d4 d5 3. e5 c5 4. c3 Bd7 5. f4 Nc6 6. Nf3 h6 7. Bd3 Qb6 8. O-O cxd4
9. cxd4 Nxd4 10. Nxd4 Qxd4+ 11. Kh1 Bc5 12. Nc3 a6 13. Qe2 Ne7 14. Bd2 O-O 15.
Rad1 Nc6 16. a3 Ba7 17. Bc1 Qb6 18. Bb1 Nd4 19. Qd3 Nf5 20. g4 Bc6 21. gxf5 d4+
22. Ne4 exf5 23. Qf3 Rfd8 24. Rde1 fxe4 25. Bxe4 Bxe4 26. Rxe4 d3 27. b4 d2 28.
Bb2 Rac8 29. e6 fxe6 30. Qg4 Rd7 31. Rd1 Qc6 32. Qe2 Qc2 33. Rxe6 Kh7 1/2-1/2

[Event "VI Festival"]
[Site "Positano ITA"]
[Date "2009.12.05"]
[Round "1"]
[White "Cinque, Antonio"]
[Black "Stinga, Danilo"]
[Result "1-0"]
[WhiteElo "1911"]
[BlackElo "1482"]
[PlyCount "117"]
[EventDate "2009.12.05"]

1. e4 e5 2. Nf3 Nc6 3. Bb5 d6 4. d4 Bd7 5. O-O Nf6 6. Nc3 Be7 7. d5 Nb8 8.
Bxd7+ Nbxd7 9. h3 O-O 10. Be3 b6 11. Qe2 h6 12. Nd2 Rb8 13. Nb5 Ra8 14. c4 a6
15. Nc3 Qc8 16. a3 Re8 17. b4 c5 18. dxc6 Qxc6 19. Nd5 Bd8 20. Rac1 Nxd5 21.
cxd5 Qb7 22. Rc6 Be7 23. Nc4 Rac8 24. Rxd6 Bxd6 25. Nxd6 Qc7 26. Nxc8 Qxc8 27.
Rc1 Qd8 28. Rc6 b5 29. Qc2 Nf6 30. f3 Nxd5 31. exd5 Qxd5 32. Rc8 Rxc8 33. Qxc8+
Kh7 34. Qc2+ Kg8 35. Qe4 Qxe4 36. fxe4 Kf8 37. Bc5+ Ke8 38. Bd6 f6 39. g4 Kf7
40. g5 hxg5 41. Kf2 Ke6 42. Bf8 Kf7 43. Bc5 g6 44. Kf3 f5 45. Be3 Kf6 46. Bb6
Ke6 47. Bd8 f4 48. Bxg5 Kf7 49. Kg4 Kg7 50. h4 Kf7 51. Bxf4 exf4 52. Kxf4 Kf6
53. e5+ Ke6 54. Ke4 Kd7 55. Kd5 Ke7 56. e6 Kd8 57. Kd6 Ke8 58. e7 Kf7 59. Kd7
1-0

[Event "VI Festival"]
[Site "Positano ITA"]
[Date "2009.12.05"]
[Round "1"]
[White "Ercolano, Giuseppe"]
[Black "Testa, Adriano"]
[Result "0-1"]
[WhiteElo "1604"]
[BlackElo "2175"]
[PlyCount "28"]
[EventDate "2009.12.05"]

1. d4 d5 2. Nf3 Nf6 3. e3 c5 4. c3 Nbd7 5. Bd3 g6 6. Nbd2 Bg7 7. Qe2 O-O 8. O-O
Re8 9. e4 dxe4 10. Nxe4 Nxe4 11. Qxe4 cxd4 12. Nxd4 Nc5 13. Qf3 Nxd3 14. Qxd3
e5 0-1

[Event "VI Festival"]
[Site "Positano ITA"]
[Date "2009.12.05"]
[Round "1"]
[White "Esposito, Antonio"]
[Black "Messina, Roberta"]
[Result "0-1"]
[WhiteElo "1401"]
[BlackElo "1909"]
[PlyCount "54"]
[EventDate "2009.12.05"]

1. e4 c5 2. Nc3 Nc6 3. Nf3 d6 4. d3 e6 5. a3 Nf6 6. Bg5 Be7 7. Bxf6 Bxf6 8. Qe2
Qa5 9. O-O-O Bxc3 10. bxc3 Qxc3 11. a4 Na5 12. Kb1 Qb4+ 13. Kc1 Bd7 14. Qd2
Qxa4 15. Kb2 Qb5+ 16. Ka3 Qa6 17. d4 Nc4+ 18. Kb3 Nxd2+ 19. Rxd2 Qa4+ 20. Kb2
Qb4+ 21. Ka2 Rc8 22. Be2 Rc6 23. Rb1 Qa4+ 24. Kb2 Rb6+ 25. Kc1 Qa3+ 26. Rb2
Qxb2+ 27. Kd1 Qb1# 0-1

[Event "VI Festival"]
[Site "Positano ITA"]
[Date "2005.12.05"]
[Round "1"]
[White "Gambardella, Gesualdo"]
[Black "Trifoglio, Giovanni"]
[Result "0-1"]
[WhiteElo "1494"]
[BlackElo "1917"]
[PlyCount "86"]
[EventDate "2009.12.05"]

1. e4 c5 2. Nf3 e6 3. Nc3 Nc6 4. d4 cxd4 5. Nxd4 a6 6. Be2 Nge7 7. O-O Nxd4 8.
Qxd4 Nc6 9. Qd1 b5 10. a3 Bb7 11. Re1 Rc8 12. Bf3 Ne5 13. Bd2 Nxf3+ 14. Qxf3
Be7 15. Qd3 d6 16. Ne2 O-O 17. f4 Qc7 18. Bc3 e5 19. fxe5 dxe5 20. Ng3 g6 21.
Qe2 f6 22. Qg4 Kh8 23. Re2 Rcd8 24. h4 Qd7 25. Qxd7 Rxd7 26. h5 Kg7 27. Bd2
Rfd8 28. Rd1 Bc5+ 29. Kh2 Bd4 30. h6+ Kf7 31. Ba5 Bxb2 32. Rxd7+ Rxd7 33. Bb4
Bc1 34. c4 bxc4 35. Rc2 Bxh6 36. Rxc4 Bf4 37. Kh3 h5 38. Ne2 Be3 39. Nc3 Bd2
40. Nd5 Bxd5 41. exd5 Bxb4 42. axb4 Rxd5 43. Rc7+ Ke6 0-1

[Event "VI Festival"]
[Site "Positano ITA"]
[Date "2009.12.05"]
[Round "1"]
[White "Sabia, Corrado"]
[Black "Messina, Salvatore"]
[Result "1-0"]
[WhiteElo "2183"]
[BlackElo "1631"]
[PlyCount "49"]
[EventDate "2009.12.05"]

1. e4 c5 2. Nf3 d6 3. d4 cxd4 4. Nxd4 Nf6 5. Nc3 a6 6. h3 e6 7. g4 h6 8. Bg2
Be7 9. O-O Bd7 10. f4 Nh7 11. a4 Nc6 12. Nde2 Qb6+ 13. Kh1 O-O-O 14. Rf3 f5 15.
gxf5 exf5 16. Nd5 Qa7 17. Be3 Qb8 18. Nec3 Rdf8 19. e5 Kd8 20. Bb6+ Ke8 21.
Nc7+ Kf7 22. Qd5+ Kg6 23. Rg3+ Ng5 24. Ne6 Nb4 25. Nxf8+ 1-0

[Event "VI Festival"]
[Site "Positano ITA"]
[Date "2009.12.05"]
[Round "1"]
[White "Sanchez, Joseph"]
[Black "Fucito, Giovanni"]
[Result "1-0"]
[WhiteElo "2487"]
[BlackElo "1826"]
[PlyCount "53"]
[EventDate "2009.12.05"]

1. e4 c5 2. Nf3 d6 3. d4 cxd4 4. Qxd4 Nc6 5. Bb5 Bd7 6. Bxc6 Bxc6 7. Nc3 e5 8.
Qd3 Nf6 9. Bg5 Be7 10. O-O-O a6 11. Rhe1 O-O 12. Kb1 b5 13. Bxf6 gxf6 14. Nh4
b4 15. Nf5 Kh8 16. Re3 Bd7 17. Rg3 Bxf5 18. exf5 Rg8 19. Nd5 a5 20. Rh3 Rc8 21.
g4 Rxg4 22. Rxh7+ Kxh7 23. Qh3+ Kg8 24. Qxg4+ Kf8 25. Rg1 Ke8 26. Qg8+ Kd7 27.
Qxf7 1-0

[Event "VI Festival"]
[Site "Positano ITA"]
[Date "2009.12.05"]
[Round "1"]
[White "Scola, Enrico"]
[Black "Martorelli, Antonio"]
[Result "0-1"]
[WhiteElo "1677"]
[BlackElo "2224"]
[PlyCount "70"]
[EventDate "2009.12.05"]

1. e4 c5 2. c3 Nf6 3. e5 Nd5 4. d4 cxd4 5. cxd4 d6 6. Nf3 e6 7. Nc3 Nxc3 8.
bxc3 Qc7 9. Bb2 Nd7 10. Qa4 Be7 11. Bd3 O-O 12. c4 dxe5 13. dxe5 Nc5 14. Qc2
Nxd3+ 15. Qxd3 Bb4+ 16. Bc3 Rd8 17. Qc2 Qxc4 18. Rc1 b6 19. Bxb4 Qxb4+ 20. Qc3
Qe4+ 21. Qe3 Qb4+ 22. Qc3 Qxc3+ 23. Rxc3 Ba6 24. Rc7 Rd5 25. h4 Rad8 26. Rc1
Ra5 27. Rc2 Bd3 28. Rd2 Rb5 29. h5 Rb1+ 30. Rd1 Rxd1+ 31. Kxd1 Be4+ 32. Nd2
Bxg2 33. Rg1 Bf3+ 34. Kc2 Bxh5 35. Ne4 Bg6 0-1

[Event "VI Festival"]
[Site "Positano ITA"]
[Date "2005.12.05"]
[Round "1"]
[White "Seletsky, Grigory"]
[Black "Carnicelli, Valerio"]
[Result "1-0"]
[WhiteElo "2345"]
[BlackElo "1756"]
[PlyCount "45"]
[EventDate "2009.12.05"]

1. e4 e5 2. Nf3 Nc6 3. Bc4 Bc5 4. a3 Nf6 5. d3 d6 6. h3 a6 7. Bb3 h6 8. O-O Ba7
9. Re1 Qe7 10. Nbd2 O-O 11. Nf1 Nh5 12. d4 Kh8 13. Ne3 Nf4 14. Nd5 Nxd5 15.
exd5 Na5 16. dxe5 Nxb3 17. cxb3 Re8 18. Be3 Bxe3 19. Rxe3 dxe5 20. Rxe5 Qxe5
21. Nxe5 Rxe5 22. Qd4 Re7 23. Qc5 1-0

[Event "VI Festival"]
[Site "Positano ITA"]
[Date "2009.12.05"]
[Round "1"]
[White "Stoja, Rocco"]
[Black "Epishin, Vladimir V."]
[Result "0-1"]
[WhiteElo "1828"]
[BlackElo "2613"]
[PlyCount "82"]
[EventDate "2009.12.05"]

1. e4 c5 2. Nf3 a6 3. d4 cxd4 4. Nxd4 Nf6 5. Nc3 e5 6. Nf5 d5 7. f3 Bxf5 8.
exf5 Bb4 9. Bd2 O-O 10. Be2 d4 11. Ne4 Bxd2+ 12. Qxd2 Nd5 13. f6 Nxf6 14. Nxf6+
Qxf6 15. O-O Nd7 16. Rad1 Qb6 17. Bd3 Nf6 18. Qg5 Rfe8 19. Rfe1 h6 20. Qf5 g6
21. Qh3 Kg7 22. g4 Nd5 23. Qg3 Ne3 24. Rb1 Rac8 25. Re2 Rc6 26. h4 Nxc2 27.
Rxe5 Qc7 28. f4 Rxe5 29. fxe5 Nb4 30. Be4 Rc1+ 31. Rxc1 Qxc1+ 32. Kh2 Qxb2+ 33.
Kh1 Qa1+ 34. Kh2 Qxa2+ 35. Kh1 Qa1+ 36. Kg2 Qb2+ 37. Kh1 Qc1+ 38. Kh2 Qe3 39.
Qg2 Qf4+ 40. Kh3 Qxe4 41. h5 g5 0-1

[Event "VI Festival"]
[Site "Positano ITA"]
[Date "2009.12.05"]
[Round "2"]
[White "Carnicelli, Flavio"]
[Black "Ercolano, Giuseppe"]
[Result "1-0"]
[WhiteElo "1811"]
[BlackElo "1604"]
[PlyCount "48"]
[EventDate "2009.12.05"]

1. e4 c5 2. d4 cxd4 3. c3 dxc3 4. Nxc3 e6 5. Nf3 Be7 6. Bc4 Qc7 7. Qe2 a6 8.
O-O b5 9. Bb3 Bb7 10. e5 Bxf3 11. Qxf3 Nc6 12. Bf4 g5 13. Bg3 h5 14. h3 h4 15.
Bh2 Nh6 16. Ne4 Nf5 17. Rac1 Rc8 18. Rfd1 O-O 19. Qh5 Ng7 20. Qh6 Qd8 21. Nf6+
Bxf6 22. exf6 Nf5 23. Qxg5+ Kh7 24. Bc2 Ncd4 1-0

[Event "VI Festival"]
[Site "Positano ITA"]
[Date "2009.12.05"]
[Round "2"]
[White "Carnicelli, Valerio"]
[Black "Gambardella, Gesualdo"]
[Result "1-0"]
[WhiteElo "1756"]
[BlackElo "1494"]
[PlyCount "45"]
[EventDate "2009.12.05"]

1. e4 c5 2. Nf3 g6 3. d4 cxd4 4. Nxd4 Bg7 5. Nc3 Nc6 6. Be3 e6 7. Qd2 a6 8.
O-O-O Nge7 9. h4 h5 10. f4 d5 11. exd5 exd5 12. Nxc6 bxc6 13. Bd4 f6 14. Re1
O-O 15. Bc5 Re8 16. Qe3 Kf7 17. Bd3 f5 18. Nd1 d4 19. Bc4+ Kf8 20. Qg3 Bh6 21.
Qxg6 Bxf4+ 22. Kb1 Qd5 23. Bxd5 1-0

[Event "VI Festival"]
[Site "Positano ITA"]
[Date "2009.12.05"]
[Round "2"]
[White "Cervero, Gianluca"]
[Black "Stoja, Rocco"]
[Result "1/2-1/2"]
[WhiteElo "1524"]
[BlackElo "1828"]
[PlyCount "38"]
[EventDate "2009.12.05"]

1. e4 d6 2. Nc3 e5 3. Bc4 Nc6 4. Nge2 Na5 5. Bb3 Nxb3 6. axb3 Bg4 7. d3 c6 8.
O-O Be7 9. f4 exf4 10. Bxf4 Nf6 11. h3 Bh5 12. Qe1 Bg6 13. e5 dxe5 14. Bxe5 O-O
15. Nf4 Nd7 16. Bd4 Bf6 17. Nce2 Re8 18. Qf2 Bxd4 19. Nxd4 Nf6 1/2-1/2

[Event "VI Festival"]
[Site "Positano ITA"]
[Date "2009.12.05"]
[Round "2"]
[White "Collutiis, Duilio"]
[Black "Cinque, Antonio"]
[Result "1-0"]
[WhiteElo "2426"]
[BlackElo "1911"]
[PlyCount "65"]
[EventDate "2009.12.05"]

1. Nf3 e6 2. g3 d5 3. Bg2 c5 4. c4 Nf6 5. O-O Nc6 6. cxd5 exd5 7. d4 Be6 8. Nc3
Be7 9. b3 O-O 10. Bb2 h6 11. Rc1 Rc8 12. dxc5 Bxc5 13. Na4 Be7 14. Nd4 Bd7 15.
Nc5 Nxd4 16. Qxd4 Bc6 17. Nd3 b6 18. Rc2 Bb5 19. Rfc1 Rxc2 20. Rxc2 Bxd3 21.
Qxd3 Bc5 22. e3 Qe7 23. Bxd5 Nxd5 24. Qxd5 Rd8 25. Qf3 Qd7 26. Kg2 Qd3 27. Rc4
Qd2 28. Bc3 Qd5 29. Qxd5 Rxd5 30. b4 Bd6 31. Rc8+ Kh7 32. Rd8 Rd3 33. Be5 1-0

[Event "VI Festival"]
[Site "Positano ITA"]
[Date "2009.12.05"]
[Round "2"]
[White "Epishin, Vladimir V."]
[Black "Sabia, Corrado"]
[Result "1-0"]
[WhiteElo "2613"]
[BlackElo "2183"]
[PlyCount "89"]
[EventDate "2009.12.05"]

1. c4 e5 2. Nc3 Nf6 3. Nf3 Nc6 4. e3 Bb4 5. Qc2 Bxc3 6. Qxc3 Qe7 7. d3 d5 8.
Be2 O-O 9. O-O Bg4 10. h3 d4 11. Qb3 Bc8 12. Re1 Nd7 13. Bf1 Qf6 14. exd4 Nxd4
15. Nxd4 exd4 16. Qb5 c5 17. b4 a6 18. Qa4 b6 19. Qa3 Bb7 20. bxc5 bxc5 21. Rb1
Bc6 22. Qa5 Ne5 23. f4 Nd7 24. Rb2 h5 25. Rbe2 Rab8 26. Qd2 Rb1 27. Qc2 Rfb8
28. Re8+ Nf8 29. Rxb8 Rxb8 30. Qf2 Ng6 31. f5 Ne7 32. Bf4 Re8 33. g4 hxg4 34.
hxg4 Nc8 35. Rxe8+ Bxe8 36. Bg2 Nb6 37. Qf3 Na4 38. Qe4 Qd8 39. Bf3 Nc3 40. Qe5
Qc8 41. a3 Nb1 42. g5 Nxa3 43. Qe7 Nc2 44. g6 Ne3 45. Bxe3 1-0